Columbus OH Suburbs - Statistics

General Stats
  • This quiz has been taken 221 times
  • The average score is 10 of 15
Answer Stats
Answer % Correct
Dublin
92%
Hilliard
82%
Upper Arlington
80%
Worthington
78%
Westerville
77%
Gahanna
76%
Grove City
73%
New Albany
72%
Pickerington
64%
Reynoldsburg
64%
Bexley
60%
Whitehall
54%
Groveport
52%
Obetz
43%
Grandview Heights
41%
No matching quizzes found
Score Distribution
Percent of People with Each Score
Percentile by Number Answered
Your Score History
You have not taken this quiz